000 00777nam a2200253 a 4500
003 AR-BaBNM
005 20251128210351.0
008 082120s2002 ||||||||||||||000 | spa||
040 _cAR-BaBNM
100 1 _aIbarbourou, Juana de
245 0 0 _aLas lenguas de diamante
260 _aMéxico, D.F.
_bFrente de Afirmación Hispanista, A.C.
_c1998
300 _a306 p.
_bil.
500 _aLa presente es una edición facsimilar de la edición de la cooperativa editorial "Buenos Aires" de 1919
650 4 _aPOESIA
650 4 _aLITERATURA LATINOAMERICANA
650 4 _aLITERATURA CONTEMPORANEA
653 _aLITERATURA URUGUAYA
653 _aINFLUENCIA CLASICA
655 _aLITERATURA
700 1 _aGálvez, Manuel
_eprologuista
942 _cBK
998 _cMARTIN
999 _c15167
_d15167